Modern information retrieval (Record no. 51468)

MARC details
000 -LEADER
fixed length control field 00764nam a2200181 a 4500
008 - FIXED-LENGTH DATA ELEMENTS--GENERAL INFORMATION
fixed length control field 060316s1999 ||||||||||||||||| || u
020 ## - INTERNATIONAL STANDARD BOOK NUMBER
International Standard Book Number 020139829X
050 ## - LIBRARY OF CONGRESS CALL NUMBER
Classification number Z 667 Bae
100 ## - MAIN ENTRY--PERSONAL NAME
Personal name Baeza-Yates, R. (Ricardo)
245 10 - TITLE STATEMENT
Title Modern information retrieval
Statement of responsibility, etc. by Ricardo Baeza-Yates and Berthier Ribeiro-Neto
260 ## - PUBLICATION, DISTRIBUTION, ETC.
Place of publication, distribution, etc. New York :
Name of publisher, distributor, etc. ACM Press Addison-Wesley
Date of publication, distribution, etc. 1999.
300 ## - PHYSICAL DESCRIPTION
Extent xx, 513 p. : ill. ; 24 cm.
350 ## - PRICE (NR) (BK AM CF MU VM SE) [OBSOLETE]
Price 0.00
650 ## - SUBJECT ADDED ENTRY--TOPICAL TERM
Topical term or geographic name entry element LIBRARIANSHIP--HANDBOOKS, MANUALS, ETC
650 ## - SUBJECT ADDED ENTRY--TOPICAL TERM
Topical term or geographic name entry element INFORMATION STORAGE AND RETRIEVAL SYSTEMS
700 ## - ADDED ENTRY--PERSONAL NAME
Personal name Ribeiro, Berthier de Araâujo Neto, 1960-
995 ## - RECOMMENDATION 995 [LOCAL, UNIMARC FRANCE]
-- 0.00
-- CBU-MAIN LIBRARY (Kitwe)
-- 1
-- 0.00
-- AVAILABLE
-- Oct 22, 2007
-- Annex Low-Usage Collection
Holdings
Withdrawn status Lost status Source of classification or shelving scheme Damaged status Not for loan Home library Current library Shelving location Date acquired Total Checkouts Full call number Barcode Date last seen Price effective from Koha item type
          CBU-MAIN LIBRARY, KITWE. CBU-MAIN LIBRARY, KITWE.   11/30/2022   Z 667 Bae 45961 11/30/2022 11/30/2022 MONOGRAPH